[Event "World op 17th"]
[Site "Philadelphia"]
[Date "1989.??.??"]
[Round "9"]
[White "Malbran, Guillermo"]
[Black "Kamsky, Gata"]
[Result "1/2-1/2"]
[WhiteElo "2300"]
[BlackElo "2345"]
[PlyCount "100"]
[EventDate "1989.06.??"]
[EventType "swiss"]
[EventRounds "10"]
[EventCountry "USA"]
[SourceTitle "EXT 1997"]
[Source "ChessBase"]
[SourceDate "1996.11.15"]
[SourceVersion "1"]
[SourceVersionDate "1996.11.15"]
[SourceQuality "1"]

1. e4 e5 2. Nf3 Nc6 3. Bb5 g6 4. d4 exd4 5. Bg5 Be7 6. Bxe7 Ngxe7 7. O-O O-O 8.
Nxd4 a6 9. Nxc6 bxc6 10. Ba4 d6 11. Qd4 c5 12. Qf6 Be6 13. b3 Nc8 14. Qxd8 Rxd8
15. Nc3 Ne7 16. f4 Rab8 17. Rad1 c6 18. Rd2 d5 19. Rfd1 Rbc8 20. h3 f5 21. e5
Rc7 22. Ne2 Nc8 23. Nc1 Nb6 24. Nd3 Nd7 25. c4 a5 26. Kf2 Kf7 27. Ke3 Rdc8 28.
Rc1 Ke7 29. Rdc2 d4+ 30. Kf3 h6 31. h4 Rg8 32. Rh1 Rcc8 33. Rh3 Kd8 34. Rg3 Kc7
35. Rc1 Kb6 36. Rh1 Bf7 37. Re1 Rce8 38. Kf2 Be6 39. Rh3 Nf8 40. a3 Ra8 41. Ra1
Nd7 42. Rhh1 Ra7 43. g3 Bf7 44. Rae1 Nf8 45. e6 Nxe6 46. Re5 h5 47. Rhe1 Re8
48. R1e2 Raa8 49. Re1 Rad8 50. R1e2 Ra8 1/2-1/2

[Event "US op 90th"]
[Site "Chicago"]
[Date "1989.??.??"]
[Round "7"]
[White "Pelts, Roman"]
[Black "Kamsky, Gata"]
[Result "1/2-1/2"]
[WhiteElo "2430"]
[BlackElo "2345"]
[PlyCount "81"]
[EventDate "1989.08.05"]
[EventType "swiss"]
[EventRounds "12"]
[EventCountry "USA"]
[SourceTitle "EXT 1997"]
[Source "ChessBase"]
[SourceDate "1996.11.15"]
[SourceVersion "1"]
[SourceVersionDate "1996.11.15"]
[SourceQuality "1"]

1. Nf3 Nf6 2. d4 d5 3. g3 c6 4. Bg2 g6 5. O-O Bg7 6. c4 O-O 7. Qb3 Qb6 8. Nc3
Be6 9. Qxb6 axb6 10. Ng5 dxc4 11. Nxe6 fxe6 12. Bh3 Kf7 13. e4 Nbd7 14. Be3 b5
15. a3 Nb6 16. d5 Nbxd5 17. exd5 exd5 18. Bd4 Nh5 19. Bxg7 Nxg7 20. Rfe1 e6 21.
Rad1 Rad8 22. f4 h6 23. Ne2 Nf5 24. Bxf5 exf5 25. Nd4 Rfe8 26. Re5 Ra8 27. Rde1
Rxe5 28. fxe5 h5 29. Kf2 c3 30. bxc3 Rxa3 31. Re3 Ra2+ 32. Kf3 Ra4 33. Ne2 Re4
34. Rxe4 dxe4+ 35. Kf4 c5 36. h4 Ke6 37. Nc1 b6 38. Ne2 Kd5 39. Nc1 Ke6 40. Ne2
Kd5 41. Nc1 1/2-1/2

[Event "American op"]
[Site "Los Angeles"]
[Date "1989.??.??"]
[Round "8"]
[White "Kamsky, Gata"]
[Black "Miles, Anthony John"]
[Result "1/2-1/2"]
[WhiteElo "2345"]
[BlackElo "2520"]
[PlyCount "120"]
[EventDate "1989.11.23"]
[EventType "swiss"]
[EventRounds "8"]
[EventCountry "USA"]
[SourceTitle "EXT 1997"]
[Source "ChessBase"]
[SourceDate "1996.11.15"]
[SourceVersion "1"]
[SourceVersionDate "1996.11.15"]
[SourceQuality "1"]

1. d4 Nf6 2. Nf3 g6 3. Bg5 Bg7 4. c3 b6 5. e3 Bb7 6. Nbd2 c5 7. Bd3 d5 8. h4
Nbd7 9. Bxf6 Bxf6 10. h5 O-O 11. Qc2 Qe8 12. hxg6 hxg6 13. Rh3 cxd4 14. exd4 e5
15. dxe5 Nxe5 16. Nxe5 Qxe5+ 17. Kf1 Kg7 18. Re1 Qd6 19. Ree3 Rh8 20. Reg3 Be5
21. Rf3 Rae8 22. Qa4 Bc8 23. Rxh8 Rxh8 24. g3 Qe6 25. Re3 Rh1+ 26. Ke2 Qf6 27.
Nf3 Bd6 28. Qd4 Bc5 29. Qxf6+ Kxf6 30. Re8 Bg4 31. b4 Bd6 32. Rd8 Be5 33. c4
Bc3 34. Ke3 dxc4 35. Bxc4 Bxb4 36. Kf4 Be6 37. Bxe6 Kxe6 38. Ra8 a5 39. Ng5+
Kf6 40. Ne4+ Kg7 41. Rb8 Ra1 42. Rxb6 Rxa2 43. g4 Ba3 44. g5 a4 45. Ra6 Bb2 46.
Ra8 a3 47. Kg4 Bd4 48. Kf3 Ra1 49. Ke2 Bb2 50. Kf3 Rh1 51. Nd6 Rh8 52. Ra7 Rd8
53. Ne4 Kf8 54. Ke2 Rd5 55. Kf3 Rb5 56. Kg4 Rb3 57. f3 Bd4 58. Ra4 Rd3 59. Nf6
Bb6 60. Ra6 Bd8 1/2-1/2

[Event "GMA Baleares op"]
[Site "Palma de Mallorca"]
[Date "1989.??.??"]
[Round "3"]
[White "Romanishin, Oleg M"]
[Black "Kamsky, Gata"]
[Result "1-0"]
[WhiteElo "2515"]
[BlackElo "2345"]
[PlyCount "103"]
[EventDate "1989.12.??"]
[EventType "swiss"]
[EventRounds "9"]
[EventCountry "ESP"]
[SourceTitle "TD"]
[Source "ChessBase"]
[SourceDate "1994.03.01"]
[SourceVersion "1"]
[SourceVersionDate "1994.03.01"]
[SourceQuality "1"]

1. d4 d5 2. c4 c6 3. Nf3 Nf6 4. e3 Bf5 5. Bd3 Bxd3 6. Qxd3 e6 7. O-O Nbd7 8.
Nc3 Be7 9. Rd1 O-O 10. b3 Qb6 11. Bb2 Rad8 12. Rab1 a5 13. e4 dxe4 14. Nxe4
Nxe4 15. Qxe4 Nf6 16. Qe2 Qa6 17. a4 Rfe8 18. Bc3 Nd5 19. Be1 Bf6 20. Qe4 Ne7
21. g4 Nc8 22. Qf4 Rf8 23. Qc7 Nb6 24. g5 Rd7 25. Qg3 Be7 26. h4 Nc8 27. h5 Nd6
28. Qe5 b6 29. d5 cxd5 30. cxd5 Qb7 31. dxe6 Rdd8 32. h6 f6 33. Qd5 fxg5 34.
Ne5 Qxd5 35. Rxd5 Rf6 36. Nc6 Rxe6 37. Nxd8 Bxd8 38. hxg7 Kxg7 39. Bd2 g4 40.
Rc1 Nf7 41. Rc4 Rg6 42. Bc3+ Kf8 43. Rf4 Bg5 44. Rxg4 h5 45. Rg2 Rc6 46. Bb2
Be7 47. Rxh5 Rd6 48. Rg3 Rd1+ 49. Kg2 Ke8 50. Re3 Kf8 51. Bg7+ Kxg7 52. Rxe7
1-0

[Event "New Delhi"]
[Site "New Delhi"]
[Date "1990.??.??"]
[Round "?"]
[White "Anand, Viswanathan"]
[Black "Kamsky, Gata"]
[Result "1-0"]
[WhiteElo "2610"]
[BlackElo "2650"]
[Annotator "Anand,V"]
[PlyCount "87"]
[EventDate "1990.??.??"]
[EventType "tourn"]
[EventRounds "9"]
[EventCountry "IND"]
[SourceTitle "CBM 022"]
[Source "ChessBase"]
[SourceDate "1991.06.01"]
[SourceVersion "1"]
[SourceVersionDate "1991.06.01"]
[SourceQuality "1"]

1. e4 c5 2. Nf3 e6 3. d4 cxd4 4. Nxd4 a6 5. Bd3 Nf6 6. O-O Qc7 7. Qe2 d6 8. c4
g6 9. Rd1 Bg7 10. Nf3 Nc6 11. Bf4 O-O 12. Bc2 e5 $1 13. Be3 Nb4 $1 (13... Bg4
$10) (13... Ng4 $13) 14. Nc3 Nxc2 15. Qxc2 Qxc4 16. Rxd6 b5 17. Bb6 Bb7 (17...
b4 $2 18. Nd2 $18) 18. Nd2 Qc8 $6 (18... Qb4 $1 19. Rd3 (19. Qd3 Qxb2 20. Rb1
Qa3 $17) 19... Rfc8 $15) 19. Qd3 Nh5 20. g3 Qh3 21. Nd5 Kh8 22. Qf1 $1 Qxf1+
23. Nxf1 f5 24. Rd1 Nf6 (24... fxe4 $6 25. Nfe3 Nf6 26. Nc7 $16) 25. Nxf6 Bxf6
26. exf5 gxf5 27. Rd7 Be4 (27... Bc6 $6 28. Rc7 Rac8 $2 29. Rd6 Rxc7 30. Bxc7
Be4 31. Rxf6 $18) 28. Ne3 Rac8 29. b4 Bf3 30. Re1 f4 31. Nf1 $1 (31. Nd5 Bg7
$132) 31... Bg7 (31... Rc2 $13) 32. Nd2 Bg4 33. Ra7 Rc2 34. Ne4 Rxa2 35. Bc5
Rd8 36. Be7 $1 Re2 37. Rf1 Rc8 38. Bf6 $1 Bxf6 (38... Rg8 39. Ng5 $1 (39. Bxg7+
Rxg7 40. Ra8+ Rg8 41. Rxg8+ Kxg8 42. Nf6+ Kg7 43. Nxg4 h5 $10) 39... h6 40.
Nf7+ Kh7 41. Nxe5 $16) 39. Nxf6 Bf5 40. g4 $1 Rf8 $2 {[#]} (40... Be4 $1 $8 41.
h4 $1 (41. Rd1 Rd2 42. Ra1 Ra2 $1) (41. f3 {><g1} Bg6) 41... h6 42. g5 Rd8 43.
Kh2 Rc8 (43... hxg5 $2 44. hxg5 Rc8 45. Rh1 $1 $18) 44. Kh3 $140 Bf5+ 45. Kg2
Be4+ $13) 41. Rd1 $3 $18 Bg6 (41... Be4 42. Kf1 $18 (42. f3 $18)) 42. Rdd7 Re1+
43. Kg2 f3+ 44. Kh3 1-0

[Event "Reykjavik op"]
[Site "Reykjavik"]
[Date "1990.??.??"]
[Round "1"]
[White "Thorsteinsson, Arnar"]
[Black "Kamsky, Gata"]
[Result "1/2-1/2"]
[WhiteElo "2245"]
[BlackElo "2510"]
[PlyCount "127"]
[EventDate "1990.03.??"]
[EventType "swiss"]
[EventRounds "11"]
[EventCountry "ISL"]
[SourceTitle "CBM 018 Extra"]
[Source "ChessBase"]
[SourceDate "1990.11.01"]
[SourceVersion "1"]
[SourceVersionDate "1990.11.01"]
[SourceQuality "1"]

1. e4 c6 2. d4 d5 3. Nc3 dxe4 4. Nxe4 Nd7 5. Ng5 Ngf6 6. Bd3 e6 7. N1f3 Bd6 8.
Qe2 h6 9. Ne4 Nxe4 10. Qxe4 Nf6 11. Qe2 Qc7 12. Bd2 b6 13. O-O-O Bb7 14. Kb1
O-O-O 15. Ba6 Rd7 16. Bxb7+ Qxb7 17. Ne5 Bxe5 18. dxe5 Ng8 19. c4 Ne7 20. Bc3
Rhd8 21. Rxd7 Rxd7 22. Rd1 Rxd1+ 23. Qxd1 c5 24. Qd6 Ng6 25. f3 h5 26. h4 Qd7
27. Qxd7+ Kxd7 28. g3 Ne7 29. Be1 Nf5 30. Bf2 Ne7 31. Be1 a6 32. Kc2 Nc6 33. f4
f6 34. Bc3 Ke7 35. a3 Kf7 36. Kd3 Ne7 37. Be1 Nf5 38. Bf2 Ke7 39. b4 cxb4 40.
axb4 fxe5 41. fxe5 b5 42. cxb5 axb5 43. Ke4 Kf7 44. Kf4 Kg6 45. Bc5 Kh6 46. Bf2
Ne7 47. Ke4 Nc6 48. Be3+ Kg6 49. Bc5 Kf7 50. Kf4 g6 51. Ke4 Ke8 52. Kf4 Kf7 53.
Ke4 Kg8 54. Kf4 Kg7 55. Ke4 Kf7 56. Kf4 Ke8 57. Ke4 Nd8 58. Bd4 Kd7 59. Bf2 Nf7
60. Be3 Kc6 61. Kd4 Kb6 62. Kd3+ Kc7 63. Ke4 Nd8 64. Bf2 1/2-1/2

[Event "Reykjavik op"]
[Site "Reykjavik"]
[Date "1990.??.??"]
[Round "10"]
[White "Kamsky, Gata"]
[Black "Vaganian, Rafael A"]
[Result "0-1"]
[WhiteElo "2510"]
[BlackElo "2605"]
[PlyCount "136"]
[EventDate "1990.03.??"]
[EventType "swiss"]
[EventRounds "11"]
[EventCountry "ISL"]
[SourceTitle "CBM 018 Extra"]
[Source "ChessBase"]
[SourceDate "1990.11.01"]
[SourceVersion "1"]
[SourceVersionDate "1990.11.01"]
[SourceQuality "1"]

1. d4 Nf6 2. Nf3 g6 3. Bg5 Bg7 4. Nbd2 d5 5. e3 O-O 6. Bd3 c5 7. c4 cxd4 8.
Nxd4 dxc4 9. Bxc4 Bg4 10. f3 Bd7 11. O-O Nc6 12. N2b3 Qb6 13. Rc1 Ne5 14. Be2
Ba4 15. Bh4 Rfd8 16. Qe1 Bxb3 17. axb3 Nd5 18. Bf2 Nb4 19. Rd1 Nec6 20. Bc4
Nxd4 21. exd4 Nd5 22. Bxd5 Rxd5 23. Qxe7 Qxb3 24. Rc1 Bf8 25. Qe4 Rd7 26. Qc2
Qxc2 27. Rxc2 a5 28. Rfc1 a4 29. Rc8 Rd8 30. Rxd8 Rxd8 31. Kf1 Re8 32. Bg3 b5
33. Rd1 Bg7 34. Bd6 f5 35. Kf2 Kf7 36. Bc5 f4 37. Re1 Re6 38. Re2 Bf6 39. Ke1
Bh4+ 40. Kd2 Rxe2+ 41. Kxe2 Ke6 42. Kd3 Kd5 43. Bb4 Bf2 44. Bc5 h6 45. Bb6 Be1
46. Bc5 Ba5 47. Ba7 Bc7 48. Bc5 h5 49. Kc3 Ba5+ 50. Kd3 Be1 51. Ke2 Bh4 52. Kd3
Bf2 53. h3 Bh4 54. Bf8 Bd8 55. Bc5 Ba5 56. Ba7 Be1 57. Bc5 b4 58. Ke2 Bc3 59.
Kd3 Bxb2 60. Bxb4 a3 61. Kc2 Kxd4 62. Bd2 Kc4 63. Bxf4 Bd4 64. Bc1 a2 65. Bb2
h4 66. f4 Bxb2 67. Kxb2 Kd3 68. Kxa2 Ke3 0-1

[Event "New York op"]
[Site "New York"]
[Date "1990.??.??"]
[Round "4"]
[White "Vaganian, Rafael A"]
[Black "Kamsky, Gata"]
[Result "1/2-1/2"]
[WhiteElo "2605"]
[BlackElo "2510"]
[PlyCount "62"]
[EventDate "1990.04.??"]
[EventType "swiss"]
[EventRounds "9"]
[EventCountry "USA"]
[SourceTitle "CBM 016 Extra"]
[Source "ChessBase"]
[SourceDate "1990.07.01"]
[SourceVersion "1"]
[SourceVersionDate "1990.07.01"]
[SourceQuality "1"]

1. Nf3 c5 2. c4 Nc6 3. Nc3 g6 4. e3 Bg7 5. d4 d6 6. Be2 Bd7 7. O-O Nf6 8. d5
Na5 9. e4 O-O 10. e5 Ne8 11. Bf4 Bg4 12. exd6 Nxd6 13. Nd2 Bf5 14. Rc1 b6 15.
b3 e5 16. dxe6 fxe6 17. Bf3 Rc8 18. Bxd6 Qxd6 19. Nde4 Qf4 20. Ne2 Qe5 21. N2g3
Rcd8 22. Qe1 Bh6 23. Rd1 Nc6 24. Nxf5 gxf5 25. Rxd8 Rxd8 26. Ng3 Qxe1 27. Rxe1
Kf7 28. Nh5 Ke7 29. g4 Bd2 30. Re2 Bc3 31. Kg2 Bd4 1/2-1/2

[Event "Paris-ch op"]
[Site "Paris"]
[Date "1990.??.??"]
[Round "?"]
[White "Krasenkow, Michal"]
[Black "Kamsky, Gata"]
[Result "1/2-1/2"]
[WhiteElo "2545"]
[BlackElo "2510"]
[PlyCount "60"]
[EventDate "1990.05.??"]
[EventType "swiss"]
[EventRounds "9"]
[EventCountry "FRA"]
[SourceTitle "EXT 1997"]
[Source "ChessBase"]
[SourceDate "1996.11.15"]
[SourceVersion "1"]
[SourceVersionDate "1996.11.15"]
[SourceQuality "1"]

1. Nf3 Nf6 2. c4 c6 3. Nc3 d5 4. e3 g6 5. d4 Bg7 6. h3 O-O 7. Bd3 Be6 8. b3 c5
9. Bb2 Nc6 10. O-O cxd4 11. exd4 dxc4 12. Bxc4 Bxc4 13. bxc4 b6 14. Rc1 Rc8 15.
Qe2 Na5 16. Ne5 Nd7 17. Rfd1 Qe8 18. Nd5 e6 19. Nxd7 exd5 20. Qxe8 Rfxe8 21.
cxd5 Rcd8 22. Rc7 Re7 23. Rdc1 f6 24. Ne5 Rxc7 25. Rxc7 fxe5 26. dxe5 Rxd5 27.
Rc8+ Kf7 28. Rc7+ Kg8 29. Rc8+ Kf7 30. Rc7+ Kg8 1/2-1/2

[Event "Interzonal-15"]
[Site "Manila"]
[Date "1990.??.??"]
[Round "1"]
[White "Kamsky, Gata"]
[Black "Ftacnik, Lubomir"]
[Result "1-0"]
[WhiteElo "2650"]
[BlackElo "2550"]
[Annotator "ChessBase"]
[PlyCount "73"]
[EventDate "1990.06.29"]
[EventType "swiss"]
[EventRounds "13"]
[EventCountry "PHI"]
[SourceTitle "CBM 019"]
[Source "ChessBase"]
[SourceDate "1990.12.01"]
[SourceVersion "1"]
[SourceVersionDate "1990.12.01"]
[SourceQuality "1"]

1. d4 Nf6 2. Nf3 g6 3. Bf4 Bg7 4. e3 O-O 5. Be2 c5 6. c3 b6 7. h3 Bb7 8. Nbd2
d6 9. O-O Nc6 10. Bh2 cxd4 (10... Re8) 11. exd4 Bh6 12. a4 Nd5 13. Re1 Bf4 14.
Ne4 Bxh2+ 15. Kxh2 e6 16. Qd2 $14 Nf6 17. Bd3 Kg7 18. Qf4 Nxe4 19. Bxe4 Qb8 20.
d5 Ne5 21. Nd4 exd5 22. Bc2 Qd8 23. Rad1 Re8 24. Re3 Qf6 25. Qxf6+ Kxf6 26. Nb5
Red8 27. Bb3 Nc4 28. Bxc4 dxc4 29. Nxd6 Bc6 30. Rd4 Rd7 31. Rf4+ Kg5 32. Rg4+
Kh6 33. Nxc4 f5 34. Rh4+ Kg5 35. Kg3 Rf8 36. Rf4 Be4 37. Rexe4 1-0

[Event "Interzonal-15"]
[Site "Manila"]
[Date "1990.??.??"]
[Round "2"]
[White "Lputian, Smbat G"]
[Black "Kamsky, Gata"]
[Result "1/2-1/2"]
[WhiteElo "2575"]
[BlackElo "2650"]
[Annotator "ChessBase"]
[PlyCount "62"]
[EventDate "1990.06.29"]
[EventType "swiss"]
[EventRounds "13"]
[EventCountry "PHI"]
[SourceTitle "CBM 019"]
[Source "ChessBase"]
[SourceDate "1990.12.01"]
[SourceVersion "1"]
[SourceVersionDate "1990.12.01"]
[SourceQuality "1"]

1. d4 d5 2. c4 c6 3. Nf3 Nf6 4. Nc3 e6 5. e3 Nbd7 6. Be2 Bd6 7. b3 b6 8. Bb2
Bb7 9. O-O O-O 10. Qc2 Rc8 (10... c5) 11. Rad1 Qe7 12. e4 dxe4 13. Nxe4 Nxe4
14. Qxe4 Nf6 15. Qc2 c5 16. d5 exd5 17. cxd5 Ne4 18. Rfe1 f5 $10 19. Bd3 Rce8
20. g3 Qf7 21. Re3 Qh5 22. Be2 Qh3 23. Bc1 Re7 24. Bf1 Qh5 25. Be2 Qh3 26. Bf1
Qh5 27. a4 Kh8 28. Be2 Qh3 29. Bf1 Qg4 30. Be2 Qh3 31. Bf1 Qg4 1/2-1/2

[Event "Interzonal-15"]
[Site "Manila"]
[Date "1990.??.??"]
[Round "4"]
[White "Damljanovic, Branko"]
[Black "Kamsky, Gata"]
[Result "1/2-1/2"]
[WhiteElo "2515"]
[BlackElo "2650"]
[Annotator "Horn,Pe"]
[PlyCount "72"]
[EventDate "1990.06.29"]
[EventType "swiss"]
[EventRounds "13"]
[EventCountry "PHI"]
[SourceTitle "CBM 019"]
[Source "ChessBase"]
[SourceDate "1990.12.01"]
[SourceVersion "1"]
[SourceVersionDate "1990.12.01"]
[SourceQuality "1"]

1. Nf3 Nf6 2. g3 g6 3. c4 c6 4. b3 Bg7 5. Bb2 d5 6. Bg2 O-O 7. O-O Nbd7 8. Qc2
a5 9. d3 (9. cxd5 $5 cxd5 (9... Nxd5 10. Bxg7 Kxg7 11. e4 $14) 10. Nc3 $14)
9... b6 10. Nbd2 Bb7 11. Rac1 (11. a3 $5 e6 12. Ne5 Nxe5 13. Bxe5 Nd7 14. Bxg7
Kxg7 15. Qb2+ Qf6 16. Qxf6+ Kxf6 17. Rfc1 Rfc8 18. d4 $14 {Barcza-Trifunovic,
Vrnjacka Banja 1966}) 11... Rc8 12. Rfd1 e6 13. Qb1 Qe7 14. Ne5 Nxe5 15. Bxe5
Bh6 16. Rc2 Nd7 17. Bb2 e5 18. e3 Bg7 19. Rdc1 Qe6 20. d4 e4 21. Ba3 Rfd8 22.
cxd5 (22. Bf1 $5 $14) 22... cxd5 23. Rc7 Ba6 24. Bf1 Rxc7 25. Rxc7 Rc8 26.
Rxc8+ Bxc8 27. Qc2 Nf6 28. Qc7 Ne8 29. Qb8 Bd7 30. Qb7 Bf8 31. Bxf8 Kxf8 32.
Nb1 Qc6 33. Qxc6 Bxc6 34. Nc3 Nd6 $10 35. a4 Ke7 36. Be2 Ne8 1/2-1/2

[Event "Interzonal-15"]
[Site "Manila"]
[Date "1990.??.??"]
[Round "5"]
[White "Kamsky, Gata"]
[Black "Spasov, Vasil"]
[Result "1/2-1/2"]
[WhiteElo "2650"]
[BlackElo "2495"]
[Annotator "Ribli,Z"]
[PlyCount "120"]
[EventDate "1990.06.29"]
[EventType "swiss"]
[EventRounds "13"]
[EventCountry "PHI"]
[SourceTitle "CBM 019"]
[Source "ChessBase"]
[SourceDate "1990.12.01"]
[SourceVersion "1"]
[SourceVersionDate "1990.12.01"]
[SourceQuality "1"]

1. c4 e5 2. Nc3 Bb4 3. Qc2 Nf6 4. e3 (4. g3 O-O 5. Bg2 Re8 6. a3 Bxc3 7. dxc3
a5 8. a4 d6 {Shabalov,A-Orlov,G Minsk 1990 CBM 17}) (4. Nf3 Qe7 5. e3 O-O {
Schmidt,Wl-Mainka,R Praga Bohemians-A 1990 CBM 17}) 4... O-O 5. Nge2 Re8 6. Nd5
(6. a3 Bf8 7. d4 d6 8. g3 c6 9. Bg2 Be6 10. b3 Nbd7 11. O-O Rc8 12. Bb2 b5 $1
$13 {Lombardy-Miles New York op 1987 43/20}) 6... Nxd5 7. cxd5 c6 8. a3 Bf8 9.
Nc3 Na6 10. Bd3 (10. Bxa6 bxa6 11. O-O Bb7 $13) 10... g6 11. O-O Nc7 12. Bc4 b5
13. Ba2 Bb7 14. dxc6 Bxc6 15. d3 Rc8 16. e4 a5 17. Qb3 d5 18. Bd2 (18. Nxd5
Nxd5 19. exd5 a4 20. Qd1 Bxd5 $15) 18... a4 19. Qd1 dxe4 20. dxe4 Qd3 21. Qe1
b4 22. axb4 Bxb4 23. Rd1 $1 Rcd8 24. Nd5 $5 Bxd5 25. Bxb4 Qxe4 26. Bxd5 Qxe1
27. Bxf7+ Kxf7 28. Rdxe1 Nd5 29. Ba3 Nb6 30. Re2 Nc4 31. Bb4 Rb8 32. Bc3 Rb3
33. Rc1 Reb8 34. g3 R8b5 35. Re4 Nxb2 36. Bxe5 R3b4 37. Rc7+ Ke6 38. Rxb4 Rxb4
39. Bxb2 Rxb2 40. Rxh7 a3 41. Ra7 a2 42. Kg2 g5 43. h3 Kf5 44. Ra4 Rc2 45. g4+
Ke5 46. Kg3 Kd5 47. f3 Kc5 48. h4 Kb5 49. Ra8 gxh4+ 50. Kxh4 Kb4 51. f4 Rh2+
52. Kg5 Kb3 53. f5 Rh1 54. Kf6 a1=Q+ 55. Rxa1 Rxa1 56. g5 Kc4 57. Ke6 Ra6+ 58.
Ke5 Ra5+ 59. Ke6 Ra6+ 60. Ke5 Ra5+ {Ribli} 1/2-1/2

[Event "Interzonal-15"]
[Site "Manila"]
[Date "1990.??.??"]
[Round "7"]
[White "Kamsky, Gata"]
[Black "Ye, Rongguang"]
[Result "0-1"]
[WhiteElo "2650"]
[BlackElo "2525"]
[Annotator "Schussler,H"]
[PlyCount "110"]
[EventDate "1990.06.29"]
[EventType "swiss"]
[EventRounds "13"]
[EventCountry "PHI"]
[SourceTitle "CBM 019"]
[Source "ChessBase"]
[SourceDate "1990.12.01"]
[SourceVersion "1"]
[SourceVersionDate "1990.12.01"]
[SourceQuality "1"]

1. e4 e5 2. Nf3 Nc6 3. d4 exd4 4. Bc4 Nf6 5. O-O Nxe4 6. Re1 d5 7. Bxd5 Qxd5 8.
Nc3 Qa5 9. Nxe4 Be6 10. Neg5 O-O-O 11. Nxe6 fxe6 12. Rxe6 Bd6 13. Qe2 {13.Bg5
is perhaps more critical.} Qh5 14. Qe4 {Usually 14.h3 is played.} Rde8 15. Bd2
Ne5 16. Rxe8+ Rxe8 17. Nxe5 Bxe5 18. f4 Bd6 19. Qd3 g6 20. Rf1 b6 21. h3 a5 22.
a4 Qd5 23. b3 Re4 24. Qf3 Kb8 25. Rf2 Qe6 26. Kf1 $2 Bxf4 27. Qd3 g5 28. Rf3
Bxd2 29. Qxd2 h6 30. Qf2 Qe5 31. Rf8+ Ka7 32. Qf3 Re1+ 33. Kf2 Qe3+ 34. Kg3
Qe5+ 35. Kg4 Re4+ 36. Kh5 g4+ 37. Qf5 gxh3 38. gxh3 Qe7 39. Qf6 Re5+ 40. Kh4
Re4+ 41. Kh5 Re5+ 42. Kh4 Qc5 43. Qf3 Re4+ $1 44. Kg3 Qe5+ 45. Kg2 Qg5+ 46. Kf2
Qd2+ 47. Kg3 Qe1+ (47... Re3 $4 48. Ra8#) 48. Qf2 Re3+ 49. Kh4 Qh1 50. Qf1 Qh2
51. Rg8 Re4+ 52. Kh5 Qe5+ 53. Kxh6 Rh4+ 54. Kg6 Qg3+ 55. Kf7 Rh7+ 0-1

[Event "Interzonal-15"]
[Site "Manila"]
[Date "1990.??.??"]
[Round "12"]
[White "Torre, Eugenio"]
[Black "Kamsky, Gata"]
[Result "1-0"]
[WhiteElo "2530"]
[BlackElo "2650"]
[Annotator "Blatny,P"]
[PlyCount "133"]
[EventDate "1990.06.29"]
[EventType "swiss"]
[EventRounds "13"]
[EventCountry "PHI"]
[SourceTitle "CBM 019"]
[Source "ChessBase"]
[SourceDate "1990.12.01"]
[SourceVersion "1"]
[SourceVersionDate "1990.12.01"]
[SourceQuality "1"]

1. e4 e5 2. Nf3 Nc6 3. Bc4 Bc5 4. c3 Nf6 5. d3 O-O 6. O-O d6 7. Bb3 a6 8. Nbd2
Ba7 9. Nc4 h6 10. Re1 Be6 11. Be3 (11. a4) (11. Ne3 $5) 11... Bxe3 12. Nxe3 Qd7
13. Nh4 (13. Bc2 $5 {/\ d4}) 13... Bxb3 (13... d5 14. Qf3 $1 (14. exd5 $6 Nxd5
15. Bxd5 Bxd5 16. Nhf5 Be6 $1 17. Qg4 g6 18. Nxh6+ Kg7 $19)) 14. Qxb3 b6 15.
Nhf5 Kh7 16. Rad1 Rfe8 (16... g6 17. Ng3 Rfe8 18. Rf1 $5 {/\ f4}) 17. Nd5 (17.
Rf1 $5 {/\ f4}) 17... Nxd5 18. Qxd5 Rad8 19. d4 $14 {()} Kg8 {/\ Ne7} 20. Ne3
b5 21. h3 Ne7 22. Qb3 Qc6 23. d5 Qc5 24. a4 Rf8 {/\ f5} 25. Qc2 Rb8 26. b4 Qb6
27. Ra1 Ra8 (27... c6 28. axb5 (28. dxc6 Qxc6 29. axb5 Rxb5 $132) 28... axb5
29. dxc6 Qxc6 30. Ra7 Rb7 31. Rea1 $14 {|^<->a}) 28. c4 (28. Qd3 $5 c6 29. dxc6
Qxc6 30. Red1 Rfd8 31. axb5 axb5 32. Rxa8 Qxa8 33. Qxb5 Qxe4 34. Qb6 $16) 28...
bxc4 29. Qxc4 f5 $132 30. Rec1 Rac8 31. b5 axb5 (31... a5 32. Ra3 fxe4 33. Qxe4
Rf4 34. Qc2 {/\ Rc3}) 32. axb5 fxe4 33. Ra6 Qd4 (33... Qb7 34. Rc6 $1) (33...
Qb8 34. Rca1 Nf5 35. Nxf5 Rxf5 36. Qc6 $16) 34. Qa2 $1 $16 Qd3 35. Rc4 $1 {
[/\ Ra3]} Rxf2 (35... Nf5 36. Ra3 Nxe3 37. Rxd3 Nxc4 38. Rc3 Nb6 39. Qa7 Na8 (
39... Rf7 40. Qb7 {/\ Rc6+-}) (39... Ra8 40. Qxc7 Rac8 41. Qxb6 Rxc3 42. Qxd6
Rc1+ 43. Kh2 Rxf2 44. Qxe5 $18) 40. b6 $1 Nxb6 (40... cxb6 41. Rxc8 Rxc8 42.
Qd7 $18) 41. Rxc7 Rxc7 42. Qxc7 Nc8 43. Qd7 {/\ Kf1-e4-c7+-}) 36. Qxf2 Rf8 37.
Qe1 Nxd5 38. Ra3 $8 Qxa3 39. Nxd5 Rf7 40. Kh2 Qb3 41. Qxe4 Qxb5 42. Nxc7 $18
Qd7 43. Nd5 Qe6 44. Ra4 g6 45. Ra8+ Kg7 46. Rd8 {><d6} h5 47. Qc4 {/\ Qc6} Qf5
48. Rxd6 Qg5 49. Nc7 Qf4+ 50. Qxf4 exf4 51. Ne6+ Kh6 52. h4 Rf6 53. Ng5 Rxd6
54. Nf7+ Kg7 55. Nxd6 Kf6 56. Ne4+ Kf5 57. Ng5 Kg4 58. Nf3 Kf5 59. Kg1 Kg4 60.
Kf2 Kf5 61. Ke2 Kg4 62. Kd3 Kf5 63. Kd4 Kg4 64. Ke4 (64. Ke5 Kg3 65. Ke4 Kg4
66. Ne5+ Kxh4 67. Kxf4 g5+ 68. Kf3 g4+ 69. Kf4 g3 70. Nf3# {Short,N}) 64... Kg3
65. Ke5 Kg4 66. Kf6 Kg3 67. Kg5 1-0

[Event "Interzonal-15"]
[Site "Manila"]
[Date "1990.??.??"]
[Round "13"]
[White "Kamsky, Gata"]
[Black "Piasetski, Leon David"]
[Result "1-0"]
[WhiteElo "2650"]
[BlackElo "2410"]
[Annotator "Boensch,U"]
[PlyCount "85"]
[EventDate "1990.06.29"]
[EventType "swiss"]
[EventRounds "13"]
[EventCountry "PHI"]
[SourceTitle "CBM 019"]
[Source "ChessBase"]
[SourceDate "1990.12.01"]
[SourceVersion "1"]
[SourceVersionDate "1990.12.01"]
[SourceQuality "1"]

1. e4 c5 2. Nf3 Nc6 3. d4 cxd4 4. Nxd4 e5 5. Nb5 d6 6. c4 Be7 7. N1c3 Be6 {
7...a6 8.Sa3 h6 - Hjartarson - Spraggett, Manila 1990} 8. Be2 a6 9. Na3 Bg5 (
9... Rc8 $5) 10. Nc2 (10. Bxg5 Qxg5 11. O-O Rd8 12. Nd5 h5 $10 {Timman - Short,
Hilversum 1989}) 10... Bxc1 11. Rxc1 Nf6 $10 12. O-O O-O 13. Qd2 Qb6 14. b3 (
14. Qxd6 $2 Qxb2 $17) 14... Rfd8 15. Kh1 Rac8 16. Nd5 (16. f4 exf4 17. Rxf4 Ne5
18. Ne3 Qa5 $10) 16... Bxd5 17. exd5 Ne7 18. f4 Ng6 19. fxe5 (19. f5 Nf4 (19...
Nf8 $10) 20. Bf3 h6 21. h4 (21. g3 Nh3 22. Bg2 Ng5 23. Rce1 Qc5 $10) 21... Re8
22. g3 (22. Rce1 Qc5 23. g3 $2 N4xd5) 22... N4h5 23. Kg2 e4) 19... Ne4 $1 20.
Qe1 Nxe5 21. Rf4 Nc5 22. Qg3 Re8 23. Bh5 Ng6 (23... g6 24. Rcf1 Ncd3 25. Rxf7
$1 Nxf7 26. Bxg6 $18) 24. Bxg6 hxg6 25. Rcf1 Ne4 26. Qd3 Nf6 (26... f5 27. g4
Re5 28. gxf5 gxf5 29. Qh3 $16) 27. Qh3 g5 28. Rf5 g4 (28... Re2 $2 29. Rxf6
Rce8 30. Rxf7 Rxc2 31. Qd7 $18) 29. Qh4 Rc7 (29... Re2 $2 30. Rxf6 Rxc2 31.
Rxf7 $18) 30. Rxf6 $1 gxf6 31. Qxg4+ Kf8 32. Nd4 Re5 33. Nf5 Qf2 34. Qg7+ Ke8
35. Qg8+ Kd7 36. Qxf7+ Kc8 37. Qf8+ Kd7 38. Qxd6+ Kc8 39. Qf8+ Kd7 40. Qf7+ Kc8
41. Qg8+ Kd7 42. Qe6+ Kd8 43. Rxf2 1-0